000 00921nam a2200217Ia 4500
001 2509
003 GE_BSU
008 181216s||||||||xx |||||||||||||| ||und||
020 _a9992893308
040 _cGE_BSU
080 _a796(479.22)
245 _aფიზიკური აღზრდისა და სპორტის თეორიისა და მეთოდიკის საფუძვლები ნაწ.1-ლი
245 _bფიზიკური აღზრდისა და სპორტის აკადემიის სტუდენტებისათვის
260 _aთბილისი
260 _bთბილისის უნ-ტის
260 _c2002
300 _a192 გვ.
541 _h6 ლ.
653 _aფიზიკური აღზრდისა და მეთოდიკის საფუძვლები
942 _cBK
999 _c36590
_d36590